00625nam a22001937a 4500999001900000003000500019005001700024020001500041038001100056082001800067100002800085245004000113260006400153300001300217880004100230880004700271942001200318952010100330 c526808d526808NUST20190716111014.0 qHardcover. aWaseem a891.4911bAHM aAhmad, Ali Anwar915915 aAkh Samundar Hoi /cAli Anwar Ahmad aLahore :bInstitute of Punjabi Language and Culture,c2001. a128 p. ; 6100-01\raعلی انور احمد  6245-02\raاکھّ سمندر ہوئی / 2ddccBK 00102ddc4070aCLbCLcPLITd2019-07-16l0o891.4911 AHMpCL-E-106r2019-07-16w2019-07-16yBK